MARC
| LEADER | 00000nam a2200000Ia 4500 | ||
|---|---|---|---|
| 008 | 170316s9999 xx 000 0 und d | ||
| 040 | |a cru BVZT | ||
| 090 | |a 820 S-5al | ||
| 100 | |a Shakespeare, William | ||
| 245 | |a All´s well that ends well | ||
| 260 | |a Massachusetts, Estados Unidos | ||
| 260 | |b Blaisdell | ||
| 260 | |c 1968 | ||
| 300 | |a 116 páginas | ||
| 650 | |a LITERATURA INGLESA | ||
| 999 | |c 7095 |d 7095 | ||
| 942 | |c 15 D |h 820 S-5al |2 z | ||
